Elaboración de combustible ecológico, eficiente y amigable con el medio ambiente a partir de residuos de la madera y pulpa de papel reciclado, provenientes del Programa Institucional de la Madera (PIMA)
Presenta la elaboración de combustible ecológico, eficiente y amigable con el medio ambiente a partir de residuos de la madera y pulpa de papel reciclado, provenientes del Programa Institucional de la Madera (PIMA), para el cual se utilizó residuos biomásicos proveniente de los diferentes proces...
| Main Authors: | , |
|---|---|
| Other Authors: | |
| Format: | Tesis Section = Libro |
| Language: | Undetermined Spanish |
| Published: |
Managua
UNI
2015
|
| Subjects: |
| LEADER | 01437nam a2200265Ia 4500 | ||
|---|---|---|---|
| 008 | 240830s9999 xx 000 0 und d | ||
| 040 | |a BIBLIOTECA-RUSB/ Mon 662.87 G984 | ||
| 041 | |a spa | ||
| 082 | |a Mon 662.87 G984 | ||
| 100 | 1 | |a Gutiérrez Rizo, Yeri José | |
| 100 | 1 | |b Carcache López, Eliezer Alexander | |
| 245 | 1 | 0 | |a Elaboración de combustible ecológico, eficiente y amigable con el medio ambiente a partir de residuos de la madera y pulpa de papel reciclado, provenientes del Programa Institucional de la Madera (PIMA) |
| 260 | |a Managua |b UNI |c 2015 | ||
| 300 | |a 63 p. :il. | ||
| 500 | |a Contiene: anexos e Incluye: CD. | ||
| 502 | |a Tesis (Ingeniero Eléctrico) - UNI, 2015. | ||
| 520 | 3 | |a Presenta la elaboración de combustible ecológico, eficiente y amigable con el medio ambiente a partir de residuos de la madera y pulpa de papel reciclado, provenientes del Programa Institucional de la Madera (PIMA), para el cual se utilizó residuos biomásicos proveniente de los diferentes procesos productivos de aprovechamiento del recurso maderable del programa institucional de madera y pulpa de papel producto de reciclaje. | |
| 650 | 7 | |a ENERGÍA BIOMASA | |
| 650 | 7 | |b RESIDUOS FORESTALES-BRIQUETAS | |
| 650 | 7 | |c BRIQUETAS DE ASERRÍN | |
| 650 | 7 | |d GENERACIÓN DE ENERGÍA ELÉCTRICA-BIOMASA I | |
| 700 | 1 | |a Tutor: |b Zúñiga Guillen, Jhader Exequiel | |
| 942 | |c BK |2 ddc | ||
| 991 | |a TESIS | ||
| 999 | |c 20672 | ||